Diabetes mellitus /

En la actualidad la diabetes se considera una de las patologías crónicas más prevalentes y de mayor morbimortalidad a nivel mundial, por cuanto es de suma importancia tener un enfoque adecuado de lo que esta enfermedad engloba, su prevalencia, criterios diagnósticos, la clínica y las complicaciones...

Descrición completa

Detalles Bibliográficos
Autor Principal: Martínez Cantos, Jéssica
Formato: Seriadas
Idioma:Spanish
Series:Panorama médico
Subjects:

MARC

LEADER 00000nss a2200000 a 4500
001 si1819
005 20230308223805.0
008 012112| ||||||||r|||||||||||spa||
040 |b spa 
041 1 |a spa 
082 0 |a 610.05 
100 |a Martínez Cantos, Jéssica  |9 308422 
245 |a Diabetes mellitus /  |c Jéssica Martínez Cantos,   |h imp 
264 |a Cuenca  |b Universidad Católica de Cuenca  |c ene-jun 2012 
300 |a páginas: 51-54   |b ilu 
310 |a Semestral 
490 |a Panorama médico  |n v 6, (enero 2012) 
504 |a incl. ref. 
520 3 |a En la actualidad la diabetes se considera una de las patologías crónicas más prevalentes y de mayor morbimortalidad a nivel mundial, por cuanto es de suma importancia tener un enfoque adecuado de lo que esta enfermedad engloba, su prevalencia, criterios diagnósticos, la clínica y las complicaciones tanto agudas como crónicas, además de la instauración de tratamiento adecuado de cada uno de sus tipos, lo que será de gran importancia una vez realizado el diagnóstico.au 
650 1 |a Diabetes mellitus  |9 81843 
852 |a UC-SALUD  |c ESTANTERIA ABIERTA  |f Donación  |k teresa.torres  |l 1  |m Limitada  |p 20121129  |q 1  |t si1819  |w MEDICINA  |b 1  |d CDRS  |e CDRS  |g 610.05 ESTANTERIA ABIERTA  |z 2012-21-12 
942 |c SER 
999 |c 146333  |d 146333